00377nam a2200145Ia 4500003000400000005001700004008004000021040000700061041000800068082001500076100001600091245006900107260004200176300001300218OSt20240123142109.0210210b1927 xxu||||| |||| 00| 0 eng d cAL aeng a545.2 CAVQ aCAVEN (R M) aQuantitative chemical analysis and inorganic preparations part 2 aLondonbBlackie and Son Limitedc1927 aviii,210